Datum a čas kvízu
22
Celkem bodů
Celkový počet nahraných bodů na tomto kvízu bez doplňovacích otázek.
3.
Pořadí na kvízu
Konečné umístění týmu na tomto kvízu.
Zaznamenané odpovědi
| # | Otázka | Odpověď | Body | Výsledky |
|---|---|---|---|---|
| 1. | Kdo byl ve středu vládou jedno... | Lenka Bradáčová | 0 | |
| 2. | Tento 53letý muž oznámil minul... | Justin Trudeau, Kanada | 0 | |
| 3. | 62letá americká herečka se po... | Demi Moore | 0 | |
| 4. | Dánský král Frederik X. změnil... | medvěd lední | 0 | |
| 5. | Loňský (a celkově čtyřnásobný)... | Carlos Sainz | 0 | |
| 6. | Toto téma jste si odhlasovali... | D | 0 | |
| 7. | Jistý uznávaný český básník je... | Svatební košile; Jaroslav Vrchlický | 0 | |
| 8. | Zákaz účasti osobám mladším 18... | B, D, A, C | 1 | |
| 9. | Přiřaďte (poměrně cudné) fotog... | 1B 2D 3C 4A | 1 | |
| 10. | V roce 2009 vydala jedna poměr... | Rammstein | 0 |